Statistics for Naruto Characters

Click here to take the quiz!

General Stats

  • This quiz has been taken 32,683 times
    (32,137 since last reset)
  • The average score is 37 of 75

Answer Stats

AffiliationCharacter% Correct
LeafNaruto Uzumaki
100%
LeafSakura Haruno
97%
TakaSasuke Uchiha
97%
LeafKakashi Hatake
95%
AkatsukiItachi Uchiha
92%
AkatsukiTobi/Obito Uchiha
86%
LeafHinata Hyuga
85%
AkatsukiNagato/Pain
85%
SoundOrochimaru
83%
SandGaara
82%
LeafRock Lee
81%
CloudA
80%
LeafIno Yamanaka
79%
LeafNeji Hyuga
79%
LeafShikamaru Nara
79%
LeafTsunade
79%
LeafMinato Namikaze
75%
LeafChoji Akimichi
74%
AkatsukiMadara Uchiha
73%
AkatsukiDeidara
71%
LeafTenten
71%
LeafKiba Inuzuka
69%
AkatsukiKisame Hoshigaki
69%
LeafMight Guy
69%
AkatsukiSasori
69%
SoundKabuto Yakushi
68%
AkatsukiHidan
67%
SandTemari
67%
AkatsukiKonan
65%
LeafShino Aburame
65%
LeafHashirama Senju
61%
LeafAsuma Sarutobi
60%
LeafTobirama Senju
58%
AkatsukiKakuzu
56%
TakaKarin
55%
CloudKiller Bee
55%
LeafJiraiya
54%
SandKankuro
53%
AkatsukiZetsu
53%
LeafHiruzen Sarutobi
52%
MistZabuza Momochi
52%
MistHaku
47%
LeafKurenai Yuhi
44%
LeafKushina Uzumaki
44%
LeafSai
44%
TakaJugo
43%
TakaSuigetsu Hozuki
43%
LeafKonohamaru Sarutobi
40%
LeafDanzo Shimura
35%
LeafIruka Umino
34%
AkatsukiYahiko
30%
LeafYamato
30%
LeafAkamaru
29%
WaterfallFu
24%
StoneHan
24%
SandChiyo
21%
LeafShikaku Nara
19%
LeafShizune
19%
StoneOnoki
18%
LeafAnko Mitarashi
17%
SandBaki
17%
LeafInoichi Yamanaka
14%
LeafChoza Akimichi
13%
LeafEbisu
11%
MistMei Terumi
11%
MistUtakata
10%
MistYagura
10%
LeafIbiki Morino
9%
CloudYugito Nii
9%
LeafHayate Gekko
8%
StoneRoshi
8%
LeafGenma Shiranui
7%
Leaf(Former)Mizuki
7%
LeafAoba Yamashiro
4%
LeafRaido Namiashi
2%

Score Distribution

Percentile by Number Answered

Percent of People with Each Score

Your Score History

You have not taken this quiz since the last reset